| 000 | 01185nam a2200301 i 4500 | ||
|---|---|---|---|
| 001 | 103365 | ||
| 003 | ES-MaACL | ||
| 005 | 20250624062929.0 | ||
| 007 | t| | ||
| 008 | 060222s1970 sp ||||1| spa d | ||
| 080 | _a75 Schaefer, Frank Ludwig (083.82) | ||
| 100 | 1 |
_aSchaefer, Frank Ludwig. _9104180 |
|
| 245 | 1 | 0 |
_aFrank El Punto _b: [exposición, Sala de Santa Catalina del Ateneo de Madrid, febrero de 1970] / _c[textos, Will Grohmann, Heinrich Hahne, Carlos Areán]. |
| 260 |
_a[Madrid] : _bPublicaciones Españolas, _c[1970] |
||
| 300 |
_a[12] p. : _bil. ; _c28 cm. |
||
| 490 | 1 |
_aCuadernos de arte. Colección ordinaria ; _v278 |
|
| 600 | 1 | 4 |
_aSchaefer, Frank Ludwig- _vExposiciones. _9104181 |
| 610 | 2 | 7 |
_aAteneo de Madrid- _vExposiciones- _y1970-1979. _91921 |
| 655 | 7 |
_2tgfbne _9193628 _aCatálogos de exposiciones |
|
| 700 | 1 |
_aGrohmann, Will. _960117 |
|
| 700 | 1 |
_aHahne, Heinrich. _961479 |
|
| 700 | 1 |
_aAreán, Carlos, _d1921-1996 _922562 |
|
| 710 | 2 |
_aAteneo de Madrid. _bSala de Santa Catalina. _91964 |
|
| 830 | 1 |
_aCuadernos de arte. Colección ordinaria _v278 _9180064 |
|
| 852 |
_aES-MaACL _j2202-F-39 |
||
| 942 | _2udc | ||
| 999 |
_c103365 _d103365 |
||